[Event "ODEM U25A 2011"]
[Site "Oberhof GER"]
[Date "2011.06.16"]
[Round "7"]
[White "Gölz, Daniel"]
[Black "Mazarov, Jürgen"]
[Result "0-1"]
[Termination "normal"]
[Board "1"]
[WhiteElo "2103"]
[BlackElo "2153"]
[PlyCount "78"]
[WhiteFideId "24626325"]
[BlackFideId "24617768"]
[EventCountry "GER"]
[EventRounds "9"]
[EventType "swiss"]
[EventDate "2011.06.11"]

1. e4 e5 2. Nf3 Nf6 3. Bc4 Nxe4 4. Nc3 Nf6 5. Nxe5 d5 6. Bb3 c6 7. O-O Bd6 8.
d4 h6 9. Ne2 Bf5 10. Ng3 Bh7 11. f4 O-O 12. f5 Nbd7 13. Bf4 Qc7 14. Nxd7 Qxd7
15. Qf3 Rfe8 16. Rae1 Qc7 17. Nh5 Nxh5 18. Bxd6 Qxd6 19. Qxh5 Rxe1 20. Rxe1 Qf4
21. Re7 Qxd4+ 22. Kh1 Qf6 23. Qe2 Bxf5 24. Rxb7 Qxb2 25. h3 Qc1+ 26. Kh2 Qf4+
27. Kh1 Be4 28. Qg4 Qxg4 29. hxg4 a5 30. Ba4 c5 31. Rc7 c4 32. Bc6 Rb8 33. Bb7
a4 34. a3 c3 35. Kh2 Bxc2 36. Bxd5 Bb3 37. Be4 Re8 38. Bd3 c2 39. Kg1 Re1+ 0-1

[Event "ODEM U25A 2011"]
[Site "Oberhof GER"]
[Date "2011.06.16"]
[Round "7"]
[White "Walter, Florian"]
[Black "Höpfner, Tim"]
[Result "1-0"]
[Termination "normal"]
[Board "2"]
[WhiteElo "2083"]
[BlackElo "1936"]
[PlyCount "65"]
[WhiteFideId "24677450"]
[BlackFideId "4638310"]
[EventCountry "GER"]
[EventRounds "9"]
[EventType "swiss"]
[EventDate "2011.06.11"]

1. c4 g6 2. Nc3 Bg7 3. g3 d6 4. Bg2 e5 5. Nf3 Nc6 6. O-O f5 7. d3 Nf6 8. Rb1 h6
9. b4 a6 10. a4 Be6 11. b5 axb5 12. axb5 Ne7 13. Nd2 Rb8 14. Ba3 O-O 15. e3 g5
16. Re1 Nd7 17. Na4 f4 18. exf4 gxf4 19. Ne4 b6 20. Nac3 Nf6 21. Nxf6+ Rxf6 22.
Nd5 Nxd5 23. cxd5 Bd7 24. Bb2 Rf7 25. d4 Qg5 26. dxe5 dxe5 27. d6 fxg3 28. fxg3
Bg4 29. Qb3 Kf8 30. Bd5 Rd7 31. Rf1+ Ke8 32. Bc6 cxd6 33. Qg8+ 1-0

[Event "ODEM U25A 2011"]
[Site "Oberhof GER"]
[Date "2011.06.16"]
[Round "7"]
[White "Figura, Atila Gajo"]
[Black "Nötzel, Felix"]
[Result "1-0"]
[Termination "normal"]
[Board "3"]
[WhiteTitle "FM"]
[WhiteElo "2364"]
[BlackElo "2042"]
[PlyCount "77"]
[WhiteFideId "4688058"]
[BlackFideId "24637416"]
[EventCountry "GER"]
[EventRounds "9"]
[EventType "swiss"]
[EventDate "2011.06.11"]

1. e4 d5 2. exd5 Qxd5 3. Nc3 Qa5 4. d4 c6 5. Bc4 Bf5 6. Bd2 e6 7. Qe2 Nf6 8. d5
cxd5 9. Nxd5 Qd8 10. Nxf6+ Qxf6 11. O-O-O Nc6 12. Bc3 Qg6 13. f3 h5 14. Nh3 Be7
15. Kb1 a6 16. Bd3 O-O 17. Bxf5 Qxf5 18. g4 hxg4 19. fxg4 Qh7 20. Nf4 Bb4 21.
Bxb4 Nxb4 22. a3 Nc6 23. Rd3 Rac8 24. Qg2 Qh4 25. Rf1 Qg5 26. h4 Qe5 27. Qf2
Rfd8 28. Rxd8+ Rxd8 29. Nd3 Qc7 30. g5 30... Nd4 $11 31. h5 Nf5 32. g6 Rd4 33.
gxf7+ Qxf7 34. Qf3 Rh4 35. Ne5 Qxh5 36. Qxb7 Qe2 37. Qf7+ Kh7 38. Qg6+ Kg8 39.
Qxe6+ 1-0

[Event "ODEM U25A 2011"]
[Site "Oberhof GER"]
[Date "2011.06.16"]
[Round "7"]
[White "von Meijenfeldt, Bart"]
[Black "ten Hagen, Yorick"]
[Result "1/2-1/2"]
[Termination "normal"]
[Board "4"]
[WhiteElo "2149"]
[BlackElo "2197"]
[PlyCount "20"]
[WhiteFideId "1032259"]
[BlackFideId "1020072"]
[EventCountry "GER"]
[EventRounds "9"]
[EventType "swiss"]
[EventDate "2011.06.11"]

1. e4 c5 2. Nc3 d6 3. Nf3 Nf6 4. d4 cxd4 5. Nxd4 a6 6. Be2 e5 7. Nb3 Be7 8. Be3
Be6 9. O-O O-O 10. a4 Nc6 1/2-1/2

[Event "ODEM U25A 2011"]
[Site "Oberhof GER"]
[Date "2011.06.16"]
[Round "7"]
[White "Grigoryeva, Olga"]
[Black "Weber, Max"]
[Result "1/2-1/2"]
[Termination "normal"]
[Board "5"]
[WhiteElo "2087"]
[BlackElo "2023"]
[PlyCount "145"]
[WhiteFideId "24132594"]
[BlackFideId "4624831"]
[EventCountry "GER"]
[EventRounds "9"]
[EventType "swiss"]
[EventDate "2011.06.11"]

1. c4 Nf6 2. Nc3 d5 3. cxd5 Nxd5 4. g3 g6 5. Bg2 Nb6 6. Nf3 Bg7 7. O-O Nc6 8.
d3 O-O 9. Be3 e5 10. a4 a5 11. Bxb6 cxb6 12. Rc1 Bd7 13. Nd2 Rb8 14. Nc4 Nb4
15. Nd5 Nxd5 16. Bxd5 Bc6 17. Bg2 b5 18. axb5 Bxg2 19. Kxg2 Qd5+ 20. Kg1 Qxb5
21. Qd2 b6 22. Rc2 Rfd8 23. Qe3 f6 24. Rfc1 Bf8 25. Qf3 Kg7 26. Na3 Bxa3 27.
Rc7+ Rd7 28. bxa3 Rbd8 29. Qb7 Kg8 30. R1c6 Qd5 31. Qxb6 e4 32. Rxd7 Rxd7 33.
Rxf6 exd3 34. exd3 Qxd3 35. Qe6+ Kg7 36. Rf3 Qd4 37. Qe8 Qd6 38. Qa8 Qc5 39.
Qa6 Rf7 40. Rxf7+ Kxf7 41. Qb7+ Kg8 42. a4 Qb4 43. Qc6 Kg7 44. Kg2 44... h5 $11
45. h4 Kh7 46. Qd7+ Kh6 47. Qe8 Kg7 48. Kf3 Qc3+ 49. Qe3 Qc6+ 50. Qe4 Qc3+ 51.
Kg2 51... Qb4 $11 52. Qxb4 axb4 53. a5 b3 54. a6 b2 55. a7 b1=Q 56. a8=Q Qb6
57. Qe4 Qd6 58. Qb7+ Kh6 59. Qf7 Qc6+ 60. Kf1 Qh1+ 61. Ke2 Qe4+ 62. Kd2 Qd4+
63. Kc2 Qe4+ 64. Kc3 Qe5+ 65. Kc4 Qe4+ 66. Kc5 Qe5+ 67. Kc6 Qe4+ 68. Kd7 Qb7+
69. Ke8 Qc8+ 70. Ke7 Qc7+ 71. Kf8 Qd8+ 72. Qe8 Qf6+ 73. Qf7 $11 1/2-1/2

[Event "ODEM U25A 2011"]
[Site "Oberhof GER"]
[Date "2011.06.16"]
[Round "7"]
[White "Adelhütte, Dennis"]
[Black "Rudenok, Tatiana"]
[Result "1/2-1/2"]
[Termination "normal"]
[Board "7"]
[WhiteElo "2003"]
[BlackElo "1980"]
[PlyCount "99"]
[WhiteFideId "4661265"]
[BlackFideId "4123379"]
[EventCountry "GER"]
[EventRounds "9"]
[EventType "swiss"]
[EventDate "2011.06.11"]

1. Nf3 Nf6 2. c4 e6 3. g3 b6 4. Bg2 Bb7 5. d4 Bb4+ 6. Bd2 Bxd2+ 7. Nbxd2 O-O 8.
O-O d6 9. b4 Nbd7 10. Qc2 c5 11. dxc5 dxc5 12. b5 Qc7 13. Rfe1 Rfd8 14. e4 e5
15. Nf1 Nf8 16. Nh4 Ne6 17. Ne3 Nd4 18. Qb1 a6 19. Nef5 axb5 20. cxb5 Ra4 21.
Nxd4 Rdxd4 22. f3 Rab4 23. Qc1 Rxb5 24. Nf5 Rd7 25. Nxg7 Kxg7 26. Qg5+ Kf8 27.
Qxf6 Qd6 28. Qh8+ Ke7 29. Bf1 Rb4 30. Qxh7 Qd4+ 31. Kh1 Qf2 32. Qh5 f6 33. Re2
Qd4 34. Rae1 Ba6 35. Rc2 Bxf1 36. Rxf1 Qd3 37. Rcf2 c4 38. Qh7+ Ke6 39. Qf5+
Ke7 40. f4 c3 41. fxe5 Qxe4+ 42. Qxe4 Rxe4 43. exf6+ Kf7 44. Rc1 Rd2 45. Kg2
Ree2 46. Rxe2 Rxe2+ 47. Kh3 c2 48. g4 Kxf6 49. Kg3 Ke5 50. Kf3 $11 1/2-1/2

[Event "ODEM U25A 2011"]
[Site "Oberhof GER"]
[Date "2011.06.16"]
[Round "7"]
[White "Zimmer, Ketsarin"]
[Black "Fichtner, Ewald"]
[Result "0-1"]
[Termination "normal"]
[Board "8"]
[WhiteElo "1748"]
[BlackElo "1991"]
[PlyCount "154"]
[WhiteFideId "4696182"]
[BlackFideId "1270194"]
[EventCountry "GER"]
[EventRounds "9"]
[EventType "swiss"]
[EventDate "2011.06.11"]

1. e4 c6 2. d4 d5 3. Nc3 dxe4 4. Nxe4 Bf5 5. Ng3 Bg6 6. h4 h6 7. Nh3 e6 8. Nf4
Bh7 9. Bc4 Bd6 10. Nfh5 Kf8 11. Qf3 Nd7 12. c3 Ngf6 13. Nf4 e5 14. Nfe2 e4 15.
Qe3 Nb6 16. Bb3 Nbd5 17. Qd2 Ng4 18. Bxd5 cxd5 19. Nf4 $11 19... Be7 20. Qe2
Qd7 21. h5 Bg5 22. O-O Nf6 23. Be3 Ke7 24. Rfe1 Rhe8 25. Nf1 Kf8 26. Nh3 Bh4
27. Nf4 Bf5 28. g3 Bg4 29. Qd2 Bg5 30. Nh2 Bf3 31. Nxf3 exf3 32. Qd3 Bxf4 33.
Bxf4 Qh3 34. Qxf3 Qxh5 35. Qxh5 Nxh5 36. Bd6+ Kg8 37. Kg2 Nf6 38. f3 Nd7 39.
Kf2 f6 40. Re2 Rxe2+ 41. Kxe2 Re8+ 42. Kf2 Re6 43. Ba3 Kf7 44. Re1 f5 45. Rxe6
Kxe6 46. b3 b5 47. Bc1 g5 48. Kg2 Kf6 49. Ba3 h5 50. Bc5 a6 51. Bd6 Ke6 52. Ba3
$11 52... g4 53. Bc1 Nf6 54. Bd2 Ne8 55. Kf2 Nd6 56. Ke3 a5 57. Kf4 a4 58. b4
Kf6 59. Be1 Nf7 60. Ke3 Ng5 61. f4 Nf3 62. Bf2 Kg6 63. Ke2 h4 64. gxh4 Kh5 65.
Kf1 Nxh4 66. a3 Ng6 67. Bg3 Nf8 68. Ke2 Nd7 69. Kd1 Nb6 70. Kc2 Nc4 71. Kb1
Nxa3+ 72. Ka2 Nc4 73. Kb1 Nd2+ 74. Kc2 a3 75. Be1 Ne4 76. c4 dxc4 77. d5 Kg6
0-1

[Event "ODEM U25A 2011"]
[Site "Oberhof GER"]
[Date "2011.06.16"]
[Round "7"]
[White "Tomaszewska, Luiza"]
[Black "Pererva, Viktor"]
[Result "1-0"]
[Termination "normal"]
[Board "9"]
[WhiteElo "1994"]
[BlackElo "1956"]
[PlyCount "57"]
[WhiteFideId "1171089"]
[BlackFideId "24696463"]
[EventCountry "GER"]
[EventRounds "9"]
[EventType "swiss"]
[EventDate "2011.06.11"]

1. e4 e5 2. Nf3 Nc6 3. Bc4 Nf6 4. O-O Be7 5. d4 d6 6. h3 exd4 7. Nxd4 Nxe4 8.
Bd5 Nxd4 9. Bxe4 Nc6 10. Nc3 Be6 11. f4 Qd7 12. f5 Bc4 13. Rf4 O-O-O 14. b3 Bf6
15. Bxc6 Qxc6 16. Rxc4 Qb6+ 17. Kh1 d5 18. Na4 dxc4 19. Nxb6+ axb6 20. Qg4 h5
21. Qxc4 Bxa1 22. Bf4 Rd7 23. Kh2 Bf6 24. Qa4 Rd4 25. Qa8+ Kd7 26. Qxh8 Rxf4
27. Qxh5 Be5 28. Qxf7+ Kd8 29. Qg8+ 1-0

[Event "ODEM U25A 2011"]
[Site "Oberhof GER"]
[Date "2011.06.16"]
[Round "7"]
[White "van gen Hassend, Max"]
[Black "Baier, Christoph"]
[Result "1/2-1/2"]
[Termination "normal"]
[Board "10"]
[WhiteElo "1988"]
[BlackElo "1898"]
[PlyCount "70"]
[WhiteFideId "12934569"]
[BlackFideId "24655759"]
[EventCountry "GER"]
[EventRounds "9"]
[EventType "swiss"]
[EventDate "2011.06.11"]

1. e4 c5 2. Nf3 Nc6 3. d4 cxd4 4. Nxd4 g6 5. Be3 Bg7 6. Nc3 Nf6 7. Nxc6 bxc6 8.
e5 Ng8 9. f4 Nh6 10. Qd2 d5 11. exd6 Qxd6 12. Qxd6 exd6 13. O-O-O Nf5 14. Bf2
O-O 15. g4 Nh6 16. h3 d5 17. Bg2 Ba6 18. Rhe1 Bc4 19. Na4 Rfe8 20. b3 Bb5 21.
Nc5 Bc3 22. Rxe8+ Rxe8 23. Bd4 Bxd4 24. Rxd4 Re2 25. Rd2 Re3 26. Rf2 Rc3 27.
Nd7 a5 28. Kd2 Rg3 29. a4 Ba6 30. Nc5 Bc8 31. Re2 Kg7 32. Bf1 Rf3 33. Bg2 Rg3
34. Rf2 Ng8 35. Nd3 h5 1/2-1/2

[Event "ODEM U25A 2011"]
[Site "Oberhof GER"]
[Date "2011.06.16"]
[Round "7"]
[White "Müller, Philipp"]
[Black "Wisheckel, Lena"]
[Result "1/2-1/2"]
[Termination "normal"]
[Board "11"]
[WhiteElo "2035"]
[BlackElo "1760"]
[PlyCount "46"]
[WhiteFideId "24683701"]
[BlackFideId "24691992"]
[EventCountry "GER"]
[EventRounds "9"]
[EventType "swiss"]
[EventDate "2011.06.11"]

1. e4 e5 2. Bc4 Nf6 3. d3 Bc5 4. Nf3 d6 5. c3 Nc6 6. O-O a6 7. Nbd2 O-O 8. h3
Be6 9. Re1 Kh8 10. Bb3 Ba7 11. Nf1 Qe7 12. Bg5 h6 13. Be3 Bxb3 14. Qxb3 Bxe3
15. Nxe3 b6 16. Nf5 Qe6 17. Qc2 Ne7 18. g4 Ng6 19. Kh2 Nf4 20. Rg1 Ng8 21. Rg3
b5 22. d4 c6 23. b3 Rfe8 1/2-1/2

[Event "ODEM U25A 2011"]
[Site "Oberhof GER"]
[Date "2011.06.16"]
[Round "7"]
[White "Marx, Inga"]
[Black "Stark, Timo"]
[Result "1/2-1/2"]
[Termination "normal"]
[Board "14"]
[WhiteElo "1773"]
[BlackElo "1842"]
[PlyCount "73"]
[WhiteFideId "4654749"]
[BlackFideId "4670183"]
[EventCountry "GER"]
[EventRounds "9"]
[EventType "swiss"]
[EventDate "2011.06.11"]

1. e4 b6 2. d4 Bb7 3. Nc3 e6 4. Be3 Bb4 5. Bd3 Nf6 6. f3 d5 7. e5 Nfd7 8. a3
Bxc3+ 9. bxc3 c5 10. f4 Qh4+ 11. g3 Qe7 12. Nf3 Nc6 13. O-O f5 14. Ng5 g6 15.
h4 c4 16. Be2 O-O-O 17. Bc1 h6 18. Nf3 Rdg8 19. a4 Nf8 20. Ba3 Qd8 21. Bxf8
Rxf8 22. Qc1 Qe7 23. Qa3 Qxa3 24. Rxa3 Kc7 25. h5 Rfg8 26. Kf2 g5 27. Raa1 g4
28. Nd2 Na5 29. Nb1 Bc6 30. Ke3 Rb8 31. Na3 a6 32. Kd2 Be8 33. Rh1 Bd7 34. Rhb1
Be8 35. Rh1 Bd7 36. Rhb1 Be8 37. Rh1 1/2-1/2

[Event "ODEM U25A 2011"]
[Site "Oberhof GER"]
[Date "2011.06.16"]
[Round "7"]
[White "Papusha, Maxim"]
[Black "Bivol, Alina"]
[Result "0-1"]
[Termination "normal"]
[Board "15"]
[WhiteElo "1745"]
[BlackElo "2137"]
[PlyCount "86"]
[WhiteFideId "12915246"]
[BlackFideId "4100123"]
[EventCountry "GER"]
[EventRounds "9"]
[EventType "swiss"]
[EventDate "2011.06.11"]

1. e4 e6 2. d4 d5 3. Nc3 Bb4 4. e5 c5 5. a3 Ba5 6. b4 cxd4 7. Nb5 Bc7 8. f4 Bd7
9. Nxc7+ Qxc7 10. Nf3 Ba4 11. Bd3 Nd7 12. Bb2 a5 13. O-O Ne7 14. Bxd4 Nc6 15.
f5 Nxd4 16. Nxd4 O-O-O 17. fxe6 fxe6 18. Kh1 Qxe5 19. Nf3 Qd6 20. bxa5 Rhf8 21.
a6 bxa6 22. Qd2 Bb5 23. Rab1 e5 24. Rfc1 Qc6 25. Qe2 Rde8 26. c4 Qh6 27. cxb5+
Kd8 28. Rc6 Qf4 29. Rbc1 e4 30. Rc8+ Ke7 31. Rxe8+ Rxe8 32. Ng1 Qxc1 33. bxa6
Qxa3 34. Bxe4 dxe4 35. Qxe4+ Kf8 36. Qxh7 Qxa6 37. Qh8+ Kf7 38. Qh5+ Qg6 39.
Qd5+ Qe6 40. Qh5+ Kg8 41. h3 Nf6 42. Qh4 Ne4 43. Nf3 Qd6 0-1

[Event "ODEM U25A 2011"]
[Site "Oberhof GER"]
[Date "2011.06.16"]
[Round "7"]
[White "Schirrmacher, Carsten"]
[Black "Shishkov, Mark"]
[Result "1-0"]
[Termination "normal"]
[Board "16"]
[WhiteElo "2067"]
[BlackElo "1987"]
[PlyCount "106"]
[WhiteFideId "24610445"]
[BlackFideId "12911682"]
[EventCountry "GER"]
[EventRounds "9"]
[EventType "swiss"]
[EventDate "2011.06.11"]

1. e4 c6 2. d4 d5 3. exd5 cxd5 4. c4 Nf6 5. Nc3 Nc6 6. Nf3 Bg4 7. cxd5 Nxd5 8.
Qb3 Bxf3 9. gxf3 e6 10. Qxb7 Nxd4 11. Bb5+ Nxb5 12. Qc6+ Ke7 13. Qxb5 Qd7 14.
Nxd5+ Qxd5 15. Qxd5 exd5 16. Be3 Ke6 17. O-O-O Bb4 18. a3 Ba5 19. b4 Bb6 20.
Rhe1 20... Kd6 $11 21. Bf4+ Kc6 22. Re2 Rad8 23. a4 a6 24. Kb2 Rd7 25. Kb3 Rc8
26. Rc2+ Kb7 27. Rcd2 Kc6 28. Be3 Bc7 29. Rc1+ Kb7 30. Rdc2 Rdd8 31. Bd4 Bxh2
32. Rxc8 Rxc8 33. Rh1 Rc4 34. Bxg7 Bd6 35. Bc3 Rf4 36. Rh3 h5 37. Rxh5 d4 38.
Be1 Rxf3+ 39. Kc4 Ra3 40. Rd5 Ra1 41. Rxd6 Rxe1 42. Rd7+ Kc6 43. Rxf7 Ra1 44.
Rf6+ Kb7 45. a5 Rd1 46. Rf7+ Ka8 47. Rf3 Kb7 48. Rd3 Rxd3 49. Kxd3 Kc6 50. Kxd4
Kb5 51. f4 Kxb4 52. f5 Kxa5 53. f6 Kb4 1-0

[Event "ODEM U25A 2011"]
[Site "Oberhof GER"]
[Date "2011.06.16"]
[Round "7"]
[White "Wissel, Daniel"]
[Black "Prosvetov, Ivan"]
[Result "1/2-1/2"]
[Termination "normal"]
[Board "18"]
[WhiteElo "1724"]
[BlackElo "2045"]
[PlyCount "40"]
[BlackFideId "24123900"]
[EventCountry "GER"]
[EventRounds "9"]
[EventType "swiss"]
[EventDate "2011.06.11"]

1. e4 d6 2. d4 e5 3. dxe5 dxe5 4. Qxd8+ Kxd8 5. Bc4 f6 6. Be3 c6 7. Nc3 Kc7 8.
a4 Bd6 9. Nge2 Ne7 10. O-O g5 11. a5 h5 12. Rfd1 Rd8 13. Bb6+ axb6 14. axb6+
Kxb6 15. Rxa8 Na6 16. Bxa6 bxa6 17. Rb8+ Kc7 18. Rxc8+ Rxc8 19. Ng3 Rh8 20. h3
Ng6 1/2-1/2

[Event "ODEM U25A 2011"]
[Site "Oberhof GER"]
[Date "2011.06.16"]
[Round "7"]
[White "Mann, Johannes"]
[Black "Berger, Manuel"]
[Result "1/2-1/2"]
[Termination "normal"]
[Board "19"]
[WhiteElo "1785"]
[BlackElo "1924"]
[PlyCount "94"]
[WhiteFideId "24691380"]
[BlackFideId "24692506"]
[EventCountry "GER"]
[EventRounds "9"]
[EventType "swiss"]
[EventDate "2011.06.11"]

1. e4 c5 2. Nc3 Nc6 3. g3 g6 4. Bg2 Bg7 5. d3 d6 6. f4 e6 7. Nf3 Nge7 8. O-O
O-O 9. h3 a6 10. g4 f5 11. Ne2 Rb8 12. Ng3 b5 13. Ne1 Bb7 14. h4 d5 15. e5 Nc8
16. Kf2 Qd7 17. gxf5 exf5 18. Nf3 Nd8 19. h5 Ne6 20. hxg6 hxg6 21. Nh4 Ne7 22.
Nf3 Kf7 23. Qe2 Rh8 24. Bd2 Rh7 25. Rh1 Rbh8 26. Rxh7 Rxh7 27. Re1 Nc6 28. c3
Qd8 29. b3 d4 30. c4 b4 31. Kg1 Bh6 32. Ng5+ Bxg5 33. fxg5 Qd7 34. Qf2 Ne7 35.
Ne2 Bxg2 36. Qxg2 Qc6 37. Nf4 Rh4 38. Qxc6 Nxc6 39. Nd5 Rh3 40. Nf4 Nxf4 41.
Bxf4 Ke6 42. Kf2 Rxd3 43. Rh1 Rc3 44. Rh6 Ne7 45. Rh8 Rc2+ 46. Ke1 d3 47. Rb8
Re2+ 1/2-1/2

[Event "ODEM U25A 2011"]
[Site "Oberhof GER"]
[Date "2011.06.16"]
[Round "7"]
[White "Humburg, Philipp"]
[Black "Ehlers, Michael"]
[Result "0-1"]
[Termination "normal"]
[Board "21"]
[WhiteElo "1672"]
[BlackElo "1932"]
[PlyCount "64"]
[WhiteFideId "24656151"]
[BlackFideId "4674537"]
[EventCountry "GER"]
[EventRounds "9"]
[EventType "swiss"]
[EventDate "2011.06.11"]

1. d4 Nf6 2. c4 g6 3. Nf3 Bg7 4. g3 O-O 5. Bg2 d5 6. O-O dxc4 7. Na3 c5 8. dxc5
Qc7 9. Qc2 Qxc5 10. Be3 Qb4 11. Ne5 Bf5 12. Bd2 Qxa3 13. Qxc4 Qxb2 14. Bc3 Qb6
15. Bd4 Qe6 16. Bxb7 Nbd7 17. Qxe6 Bxe6 18. Bxa8 Rxa8 19. Nc6 Kf8 20. Nxa7 Ng8
21. Nb5 Bc4 22. Bxg7+ Kxg7 23. Nc3 Nb6 24. a4 Ra5 25. Rfb1 Nd7 26. Rb4 Ba6 27.
f4 e6 28. Kf2 Ne7 29. Ne4 Nd5 30. Rb3 Bc4 31. Rb7 N5b6 32. Ra3 Bd5 0-1

[Event "ODEM U25A 2011"]
[Site "Oberhof GER"]
[Date "2011.06.16"]
[Round "7"]
[White "Häusler, Yannick"]
[Black "Bach, Jannik"]
[Result "1/2-1/2"]
[Termination "normal"]
[Board "22"]
[WhiteElo "1619"]
[BlackElo "1772"]
[PlyCount "55"]
[WhiteFideId "12935891"]
[BlackFideId "24615900"]
[EventCountry "GER"]
[EventRounds "9"]
[EventType "swiss"]
[EventDate "2011.06.11"]

1. e4 c6 2. d4 d5 3. Nc3 dxe4 4. Nxe4 Bf5 5. Ng3 Bg6 6. Bc4 e6 7. Nf3 Nd7 8.
O-O Bd6 9. Re1 Ngf6 10. c3 Qc7 11. Nh4 Nb6 12. Bf1 O-O-O 13. a4 Nbd5 14. Bd2
Bf4 15. b4 Bxd2 16. Qxd2 Qf4 17. Qxf4 Nxf4 18. Nxg6 hxg6 19. Ne4 Nxe4 20. Rxe4
Nd5 21. Ra3 Kc7 22. Re1 a6 23. b5 axb5 24. axb5 Ra8 25. Rea1 Rxa3 26. Rxa3 Rh5
27. bxc6 Kxc6 28. Bd3 1/2-1/2

[Event "ODEM U25A 2011"]
[Site "Oberhof GER"]
[Date "2011.06.16"]
[Round "7"]
[White "Diller, Daniel"]
[Black "Stövesand, Peter"]
[Result "1/2-1/2"]
[Termination "normal"]
[Board "23"]
[WhiteElo "1779"]
[BlackElo "1563"]
[PlyCount "68"]
[WhiteFideId "12908983"]
[BlackFideId "1270624"]
[EventCountry "GER"]
[EventRounds "9"]
[EventType "swiss"]
[EventDate "2011.06.11"]

1. c4 c5 2. g3 g6 3. Bg2 Bg7 4. Nc3 Nc6 5. Nf3 e6 6. d3 Nge7 7. Bg5 h6 8. Bd2
O-O 9. O-O d5 10. Qc1 Kh7 11. Rb1 a6 12. a3 b6 13. b4 cxb4 14. axb4 dxc4 15.
dxc4 Ra7 16. Na4 Nf5 17. e3 Rd7 18. Rd1 Ne5 19. Nxe5 Bxe5 20. c5 bxc5 21. bxc5
Qe7 22. c6 Rdd8 23. Bb4 Rxd1+ 24. Qxd1 Bd6 25. Bxd6 Nxd6 26. Qc2 e5 27. Rc1 e4
28. Qc5 Re8 29. Nc3 f5 30. Nd5 Qe5 31. Nb6 Qxc5 32. Rxc5 Kg7 33. Nxc8 Rxc8 34.
Bf1 Nb5 1/2-1/2

[Event "ODEM U25A 2011"]
[Site "Oberhof GER"]
[Date "2011.06.16"]
[Round "7"]
[White "Kobozeva, Victoria"]
[Black "Stark, Sven"]
[Result "1/2-1/2"]
[Termination "normal"]
[Board "24"]
[WhiteElo "1713"]
[BlackElo "1857"]
[PlyCount "86"]
[WhiteFideId "24133680"]
[BlackFideId "4670124"]
[EventCountry "GER"]
[EventRounds "9"]
[EventType "swiss"]
[EventDate "2011.06.11"]

1. e4 c5 2. Nf3 Nc6 3. d4 cxd4 4. Nxd4 d6 5. Nc3 a6 6. Be3 Nf6 7. f3 g6 8. Qd2
Bg7 9. Bc4 O-O 10. g4 Ne5 11. Bb3 Bd7 12. h4 h5 13. gxh5 Nxh5 14. O-O-O b5 15.
Bh6 Nc4 16. Bxc4 bxc4 17. Rdg1 e6 18. Bxg7 Kxg7 19. f4 Qf6 20. f5 exf5 21. exf5
Bxf5 22. Rf1 Ng3 23. Nxf5+ Nxf5 24. Rhg1 Qd4 25. Qxd4+ Nxd4 26. h5 Rae8 27. Rd1
Nf5 28. Nd5 Re4 29. Rdf1 Nd4 30. Nc3 Ne2+ 31. Nxe2 Rxe2 32. hxg6 fxg6 33. Rxf8
Kxf8 34. Rxg6 Ke7 35. Rg7+ Ke6 36. Ra7 Rh2 37. Rxa6 Kd5 38. a4 Rh1+ 39. Kd2 Kc5
40. Ra5+ Kb4 41. Rb5+ Kxa4 42. Rb8 Rh3 43. Rb6 d5 1/2-1/2

[Event "ODEM U25A 2011"]
[Site "Oberhof GER"]
[Date "2011.06.16"]
[Round "7"]
[White "Becker, Matthias"]
[Black "Hübner, Alan-Ari"]
[Result "1-0"]
[Termination "normal"]
[Board "25"]
[WhiteElo "1912"]
[BlackElo "1625"]
[PlyCount "41"]
[WhiteFideId "12915564"]
[BlackFideId "12903965"]
[EventCountry "GER"]
[EventRounds "9"]
[EventType "swiss"]
[EventDate "2011.06.11"]

1. e4 c5 2. Nf3 d6 3. d4 cxd4 4. Nxd4 Nf6 5. Nc3 a6 6. Bc4 e6 7. Bb3 Be7 8. O-O
Nbd7 9. Bxe6 fxe6 10. Nxe6 Qb6 11. Nxg7+ Kf7 12. Nf5 Qc6 13. Nd5 Bf8 14. Bg5 h6
15. Bxf6 Nxf6 16. Nxf6 Bg7 17. Nxg7 Kxf6 18. Qd4+ Kf7 19. Nh5 Rh7 20. Qf6+ Ke8
21. Ng7+ 1-0

[Event "ODEM U25A 2011"]
[Site "Oberhof GER"]
[Date "2011.06.16"]
[Round "7"]
[White "Brodmann, Anton"]
[Black "Wimmer, Martin"]
[Result "1/2-1/2"]
[Termination "normal"]
[Board "26"]
[WhiteElo "1861"]
[BlackElo "1879"]
[PlyCount "59"]
[WhiteFideId "24655481"]
[BlackFideId "24683680"]
[EventCountry "GER"]
[EventRounds "9"]
[EventType "swiss"]
[EventDate "2011.06.11"]

1. e4 c6 2. d4 d5 3. exd5 cxd5 4. Bd3 Nc6 5. c3 Qc7 6. Ne2 e6 7. Bf4 Bd6 8.
Bxd6 Qxd6 9. f4 Nf6 10. O-O Ne4 11. Nd2 f5 12. Nf3 O-O 13. Ne5 Rf6 14. g3 Rh6
15. Kg2 b6 16. h3 Nxe5 17. dxe5 Qe7 18. Nd4 Bb7 19. Rf3 g5 20. fxg5 Qxg5 21.
Qe2 Rg6 22. Qe1 h5 23. Kh2 h4 24. g4 fxg4 25. hxg4 Qxg4 26. Qg1 Qh5 27. Qxg6+
Qxg6 28. Rg1 Qxg1+ 29. Kxg1 Nc5 30. Bc2 1/2-1/2

[Event "ODEM U25A 2011"]
[Site "Oberhof GER"]
[Date "2011.06.16"]
[Round "7"]
[White "Gefnider, Andreas"]
[Black "Schiefer, Peter"]
[Result "1-0"]
[Termination "normal"]
[Board "27"]
[WhiteElo "1697"]
[BlackElo "1597"]
[PlyCount "73"]
[WhiteFideId "12900176"]
[BlackFideId "12913200"]
[EventCountry "GER"]
[EventRounds "9"]
[EventType "swiss"]
[EventDate "2011.06.11"]

1. e4 e6 2. d4 d5 3. e5 c5 4. Qg4 Nc6 5. Nf3 Nge7 6. c3 Qb6 7. Bd3 cxd4 8. O-O
Nf5 9. Re1 h5 10. Qf4 g6 11. h4 Bc5 12. b4 Be7 13. a3 Bd7 14. Ng5 dxc3 15. Bxf5
gxf5 16. Nxc3 Qd4 17. Qg3 Qg4 18. Qxg4 hxg4 19. Nb5 Rc8 20. Bb2 Rxh4 21. Nd6+
Bxd6 22. exd6 Rh6 23. Rad1 Kf8 24. f3 Rg6 25. Nh7+ Ke8 26. fxg4 fxg4 27. Rxd5
Kd8 28. Rh5 Be8 29. Bf6+ Kd7 30. Nf8+ Kxd6 31. Nxg6 fxg6 32. Rc5 a6 33. Rd1+
Kc7 34. Be5+ Kb6 35. Rd6 Bf7 36. a4 Rf8 37. a5+ 1-0

[Event "ODEM U25A 2011"]
[Site "Oberhof GER"]
[Date "2011.06.16"]
[Round "7"]
[White "Hoffmann, Tim"]
[Black "Allin, Alexander"]
[Result "1/2-1/2"]
[Termination "normal"]
[Board "28"]
[WhiteElo "1673"]
[BlackElo "1492"]
[PlyCount "23"]
[WhiteFideId "12900338"]
[BlackFideId "12903698"]
[EventCountry "GER"]
[EventRounds "9"]
[EventType "swiss"]
[EventDate "2011.06.11"]

1. e4 e5 2. Nf3 Nc6 3. d4 exd4 4. Bc4 Bb4+ 5. c3 dxc3 6. O-O Nge7 7. Ng5 Ne5 8.
Qb3 O-O 9. bxc3 Bc5 10. Be2 N7g6 11. Kh1 h6 12. Nh3 1/2-1/2